000 00638nam a2200169Ia 4500
008 230925s9999||||xx |||||||||||||| ||und||
082 _a621.11 HAS
100 _aHassan, Shabieh Ul (320710)
_9118279
245 2 _aA Decision-centric Approach for Techno-economic Optimization and Environmental Assessment of Standalone and Grid-integrated Renewable-powered Electric ehicle Charging Stations under Various Planning Horizons /
260 _bUSPCAS-E, NUST,Islamabad :
_c2023
300 _axi, 51 p.
520 _aTH-499
650 _vMS Thesis
_918721
650 _vMS-EEP Thesis
700 _aDr. Muhammad Yousif
942 _cTHE
_2ddc
999 _c603246
_d603246